=LDR 00000nam 2200000 4500 =001 001003 =005 20250712023621 =035 ##$$a 0010-0725000882 =007 ta =008 250712################a##########0#ind## =020 ##$$a 978-623-307-409-4 =082 ##$$a 398.209 598 =084 ##$$a 398.209 598 MAL s =100 #$$a Mala kumar =245 1#$$a Sebuah jalan atau sebuah kebun binatang /$c Mala kumar =250 ##$$a Cetakan pertama =260 ##$$a Rawamangun :$b Badan pengembangan dan pembinaan bahasa,$c 2022 =300 ##$$a 16hlm. : $b Ilus. ; $c 29cm =650 #4$$a Cerita anak indonesia-terjemahan